| 000 | 00704nam a22001811a 4500 | ||
|---|---|---|---|
| 001 | 11021 | ||
| 003 | OSt | ||
| 005 | 20260204212224.0 | ||
| 008 | 100728s2006||||dr ||||||b||||||||||spa|| | ||
| 050 | _aRD 347.055345 P848f | ||
| 100 | _aPotentini Adames, Trajano Vidal | ||
| 245 | _aFormularios anotados y nueva jurisprudencia procesal penal: Incluye principios fundamentales razonados y vocabulario concordado / Trajano Vidal Potentini Adams | ||
| 264 | _aSanto Domingo : Ediciones Jurídicas Trajano Potentini | ||
| 300 | _a699 p | ||
| 500 | _aIncluye bibliografía | ||
| 650 | _aFormularios Legales - República Dominicana 2.Jurisprudencia Procesal Penal - República DominicanaÌ | ||
| 942 |
_2ddc _cBK |
||
| 999 |
_c11021 _d11021 |
||